Leeds leading retail (Record no. 116994)

MARC details
000 -LEADER
fixed length control field 01064cam a2200229 4500
001 - CONTROL NUMBER
control field WB4005-06
008 - FIXED-LENGTH DATA ELEMENTS--GENERAL INFORMATION
fixed length control field 040204n2004 000 0 eng u
035 ## - SYSTEM CONTROL NUMBER
System control number (Sirsi) u125020
245 ## - TITLE STATEMENT
Title Leeds leading retail
260 ## - PUBLICATION, DISTRIBUTION, ETC.
Date of publication, distribution, etc. 2004
490 ## - SERIES STATEMENT
Series statement King Sturge Press Release
Volume/sequential designation 30 January 2004 (2)
520 ## - SUMMARY, ETC.
Summary, etc. Leeds is currently ranked first by Promis and third by Experian for retail demand, but since Birmingham and Manchester have recently benefited from significant retail development this could be set to change. Leeds lack of retail space, which is below the national average is one cause for concern. However there is development planned which could help Leeds' prospects. http://www.kingsturge.com/site/docs/pressoffice/ne wsdisplay.cfm?NID=%24%299S%2AK%40%20%20%0A
590 ## - LOCAL NOTE (RLIN)
Local note WB
590 ## - LOCAL NOTE (RLIN)
Local note WB
650 ## - SUBJECT ADDED ENTRY--TOPICAL TERM
Topical term or geographic name entry element LEEDS
650 ## - SUBJECT ADDED ENTRY--TOPICAL TERM
Topical term or geographic name entry element RETAIL DEVELOPMENT
650 ## - SUBJECT ADDED ENTRY--TOPICAL TERM
Topical term or geographic name entry element RETAIL SPACE
650 ## - SUBJECT ADDED ENTRY--TOPICAL TERM
Topical term or geographic name entry element RETAIL DEMAND
650 ## - SUBJECT ADDED ENTRY--TOPICAL TERM
Topical term or geographic name entry element PROPERTY-COMMERCIAL PROPERTY-RETAIL PROPERTY-RETAIL PROPERTY MARKET
690 ## - LOCAL SUBJECT ADDED ENTRY--TOPICAL TERM (OCLC, RLIN)
Topical term or geographic name as entry element COMMERCIAL PROPERTY-RETAIL
942 ## - ADDED ENTRY ELEMENTS (KOHA)
Suppress in OPAC 0
Holdings
Withdrawn status Lost status Source of classification or shelving scheme Damaged status Not for loan Home library Current library Shelving location Date acquired Total Checkouts Full call number Barcode Date last seen Copy number Price effective from Koha item type
    Dewey Decimal Classification     London London News article 04/02/2004   WB4005-06 125020-1001 06/08/2019 1 06/08/2019 News article